| 000 | 00484nam a2200181 i 4500 | ||
|---|---|---|---|
| 001 | bgj | ||
| 100 | 1 | _aNAUNTON, Jon. | |
| 245 | 1 | 0 |
_aThink Ahead to First Certificate / _cJon Naunton. |
| 260 |
_aHarlow, Essex : _bLongman, _c1993. |
||
| 300 |
_a159 pp : _bill. ; _c26 cm. |
||
| 650 | 9 |
_aEnglish language _xTextbooks for foreigners |
|
| 020 | _a0582079799 | ||
| 040 | _cBPK | ||
| 041 | 0 | _aeng | |
| 920 | _a0-582-07979-9 | ||
| 942 | _cKS | ||
| 008 | s uk f |000 0 eng | ||
| 999 |
_c47801 _d47801 |
||
| 856 |
_uhttp://koha.tu.koszalin.pl/cgi-bin/koha/opac-detail.pl?biblionumber=47801 _yKatalog online BPK |
||